| 000 -LEADER |
| fixed length control field |
00566nam a22000977a 4500 |
| 008 - FIXED-LENGTH DATA ELEMENTS--GENERAL INFORMATION |
| fixed length control field |
160425b xxu||||| |||| 00| 0 eng d |
| 100 ## - MAIN ENTRY--AUTHOR'S NAME |
| Author's Name |
Imhof, Heinrich |
| 245 ## - TITLE STATEMENT |
| Title |
Die Poststempelformen in St. Petersburg von 1766-1914 |
| 260 ## - PUBLICATION, DISTRIBUTION, ETC. (IMPRINT) |
| Place of publication, distribution, etc. |
Germany |
| Name of publisher, distributor, etc. |
Bundesarbeitsgemeinschaft Russland/UDSSR im BDPh e.V., |
| Date of publication, distribution, etc. |
1976 |
| 650 ## - TOPICAL TERM (Tag) |
| Topical term or geographic name |
Russia | Saint Petersburg | Postal Markings | 1766-1914 | Postal History | 18th Century | 19th Century | 20th Century | Locals and Private Posts | Pre-adhesive Covers | Railway Mail | Telegraph Offices | Postal Agencies | Registered Mail | Machine Cancels |